| 000 -CABECERA |
| Longitud fija campo de control |
00872nam a2200217 a 4500 |
| 001 - NÚMERO DE CONTROL |
| Número de control |
5066 |
| 003 - IDENTIFICADOR DEL NÚMERO DE CONTROL |
| Identificador del número de control |
CDMR |
| 005 - FECHA Y HORA DE LA ÚLTIMA TRANSACCIÓN |
| Fecha y hora de la última transacción |
20131015174449.0 |
| 008 - CÓDIGOS DE INFORMACIÓN DE LONGITUD FIJA |
| Códigos de información de longitud fija |
130130s1983||||||||||||||||||||||||||||d |
| 020 ## - NÚMERO INTERNACIONAL NORMALIZADO PARA LIBROS |
| Número Internacional Normalizado para Libros (ISBN) |
8474910720 |
| 040 ## - FUENTE DE LA CATALOGACIÓN |
| Centro catalogador de origen |
CDMR |
| Lengua de catalogación |
cat |
| Centro transcriptor |
CDMR |
| 245 #3 - MENCIÓN DE TÍTULO |
| Título |
La prensa en la Revolución Liberal |
| Resto del título |
: España, Portugal y América Latina |
| Mención de responsabilidad, etc. |
edición y prólogo a cargo de Alberto Gil Novales |
| 260 ## - PUBLICACIÓN, DISTRIBUCIÓN, ETC. (PIE DE IMPRENTA) |
| Lugar de publicación, distribución, etc. |
Madrid |
| Fecha de publicación, distribución, etc. |
1983 |
| Nombre del editor, distribuidor, etc. |
Universidad Complutense de Madrid |
| 300 ## - DESCRIPCIÓN FÍSICA |
| Extensión |
632 p ; |
| Dimensiones |
24 cm |
| 500 ## - NOTA GENERAL |
| Nota general |
actes del Col·loqui Internacional, que va tenir lloc a la Faculdad de Ciencias de la Información de la Universidad Complutense, els dies 1, 2 i 3 d'abril de 1982 |
| 650 04 - PUNTO DE ACCESO ADICIONAL DE MATERIA - TÉRMINO DE MATERIA |
| Término de materia o nombre geográfico como elemento inicial |
Premsa |
| Subdivisión geográfica |
Espanya |
| Subdivisión cronológica |
S. XIX |
| 9 (RLIN) |
2742 |
| 650 04 - PUNTO DE ACCESO ADICIONAL DE MATERIA - TÉRMINO DE MATERIA |
| Término de materia o nombre geográfico como elemento inicial |
Premsa |
| Subdivisión geográfica |
Amèrica Llatina |
| Subdivisión cronológica |
S. XIX |
| 9 (RLIN) |
3505 |
| 650 04 - PUNTO DE ACCESO ADICIONAL DE MATERIA - TÉRMINO DE MATERIA |
| Término de materia o nombre geográfico como elemento inicial |
Premsa |
| Subdivisión geográfica |
Portugal |
| Subdivisión cronológica |
S. XIX |
| 9 (RLIN) |
3747 |
| 700 1# - PUNTO DE ACCESO ADICIONAL - NOMBRE DE PERSONA |
| Nombre de persona |
Gil Novales, Alberto |
| Término indicativo de función |
ed. lit. |
| 9 (RLIN) |
2761 |
| 942 ## - ENTRADA DE ELEMENTOS AGREGADOS (KOHA) |
| Koha [por defecto] tipo de item |
Monografies |
| Fuente de clasificaión o esquema |
|